000 00280nam a22001217a 4500
082 _a150
_bAPJ/F
100 _aABDULKALAM,APJ
245 _aTHE FAMILY AND THE NATION
260 _aINDIA
_bHARPERCOLLINS PUBLISHERS
300 _a211
650 _aHISTORY OF INDIA
_zINDIA
942 _cBK
999 _c5539
_d5539